<?xml version="1.0" encoding="UTF-8"?>
<record
    xmlns:xsi="http://www.w3.org/2001/XMLSchema-instance"
    xsi:schemaLocation="http://www.loc.gov/MARC21/slim http://www.loc.gov/standards/marcxml/schema/MARC21slim.xsd"
    xmlns="http://www.loc.gov/MARC21/slim">

  <leader>00482nam a22001577a 4500</leader>
  <datafield tag="952" ind1=" " ind2=" ">
    <subfield code="0">0</subfield>
    <subfield code="1">0</subfield>
    <subfield code="2">ddc</subfield>
    <subfield code="4">0</subfield>
    <subfield code="7">0</subfield>
    <subfield code="8">RECRUITMENT</subfield>
    <subfield code="a">MES</subfield>
    <subfield code="b">MES</subfield>
    <subfield code="c">CAREER CORNER</subfield>
    <subfield code="d">2019-07-03</subfield>
    <subfield code="g">455.00</subfield>
    <subfield code="l">0</subfield>
    <subfield code="o">153.43 AGG/M</subfield>
    <subfield code="p">40634</subfield>
    <subfield code="r">2019-10-15 00:00:00</subfield>
    <subfield code="w">2019-10-15</subfield>
    <subfield code="y">REF</subfield>
    <subfield code="z">U9R2</subfield>
  </datafield>
  <datafield tag="999" ind1=" " ind2=" ">
    <subfield code="c">40611</subfield>
    <subfield code="d">40611</subfield>
  </datafield>
  <controlfield tag="003">OSt</controlfield>
  <controlfield tag="005">20210127115534.0</controlfield>
  <controlfield tag="008">191015b           ||||| |||| 00| 0 eng d</controlfield>
  <datafield tag="020" ind1=" " ind2=" ">
    <subfield code="a">9789352832187</subfield>
  </datafield>
  <datafield tag="040" ind1=" " ind2=" ">
    <subfield code="c">oclc</subfield>
  </datafield>
  <datafield tag="082" ind1=" " ind2=" ">
    <subfield code="a">153.43</subfield>
    <subfield code="b">AGG/M</subfield>
  </datafield>
  <datafield tag="100" ind1=" " ind2=" ">
    <subfield code="a">Aggarwal, R S</subfield>
    <subfield code="9">6530</subfield>
  </datafield>
  <datafield tag="245" ind1=" " ind2=" ">
    <subfield code="a">A Modern Approach to Non-Verbal Reasoning /</subfield>
    <subfield code="c">R S Aggarwal</subfield>
  </datafield>
  <datafield tag="260" ind1=" " ind2=" ">
    <subfield code="a">New Delhi:</subfield>
    <subfield code="b">S Chand and Company,</subfield>
    <subfield code="c">2018,</subfield>
  </datafield>
  <datafield tag="942" ind1=" " ind2=" ">
    <subfield code="2">ddc</subfield>
    <subfield code="c">REF</subfield>
    <subfield code="h">153.43</subfield>
    <subfield code="i">AGG/M</subfield>
    <subfield code="k">153.43</subfield>
    <subfield code="m">AGG/M</subfield>
  </datafield>
</record>
